000 00702nas a2200253 4500
001 BR0502501
003 BR-BrBNA
005 20231205105336.0
007 ta
008 230509b bl.|||p| |||| 00| 00por d
040 _aBR-BrBNA
_bpor
_cBiblioteca Nacional de Agricultura
041 _a(Pt)
072 _aE16
100 1 _aGhilardi, A.A.
100 1 _aMaia, M.L.
100 1 _aNegri, J.D. de
245 1 _aImpactos nos custos de produção
650 _aLARANJA
650 _aCUSTO DE PRODUÇÃO
650 _aRENTABILIDADE
773 0 _tAgroanalysis (Brazil)
_xISSN 0100-4298
_g(Mar 2005), v. 25(3) p. 20-21
_wBR0502501
909 _a202311
_bLúcia
_c55
_dLúcia Elande
942 _2AGRIS
_n0
_cANA
999 _c182463
_d182463